[Event "Ostend op"]
[Site "Ostend"]
[Date "1993.??.??"]
[Round "9"]
[White "Schmittdiel, Eckhard"]
[Black "Svensson, Leif"]
[Result "1-0"]
[WhiteElo "2410"]
[BlackElo "2235"]

1.c4 e5 2.g3 Nf6 3.Bg2 Nc6 4.Nc3 Bb4 5.e4 d6 6.Nge2 a5 7.O-O O-O 8.d3 Ne8
9.h3 f5 10.exf5 Bxf5 11.g4 Bg6 12.Ne4 Nf6 13.Ng5 Qd7 14.f4 Bc5+ 15.Kh2 h6
16.Nf3 Bxd3 17.Qxd3 e4 18.Qc2 exf3 19.Bxf3 Rae8 20.Bd2 Nb4 21.Qd1 Nd3 22.Bc3 Nf2
23.Qc2 N6xg4+ 24.hxg4 Nxg4+ 25.Kg3 Ne3 26.Qg6 Re6 27.Qh5 Rf5 28.Qh3 Nxf1+
29.Rxf1 Qf7 30.Bg4 Qg6 31.Kh2 Re3 32.Ng3 Rf8 33.f5 Qg5 34.f6 g6 35.Be6+ Kh7
36.Bd5 Kh8 37.f7+ Kh7 38.Bf6 Rxg3 39.Qxg3 Qh5+ 40.Qh3 Qe2+ 41.Qg2 Qh5+ 42.Kg3 c6
43.Bf3 Qf5 44.Be4 Qe6 45.Kh2 Qxf7 46.Be7  1-0

[Event "Ostrava"]
[Site "Ostrava"]
[Date "1993.??.??"]
[Round "?"]
[White "Sher, Miron N"]
[Black "Keitlinghaus, Ludger"]
[Result "1-0"]
[WhiteElo "2535"]
[BlackElo "2485"]

1.c4 e5 2.g3 c6 3.d4 exd4 4.Qxd4 d5 5.cxd5 cxd5 6.Bg2 Nf6 7.Nf3 Nc6 8.Qa4 Be7
9.O-O Qb6 10.Nc3 O-O 11.Qb5 Qxb5 12.Nxb5 Bf5 13.b3 a5 14.Nfd4 Bg6 15.Be3 a4
16.Rac1 axb3 17.axb3 Rfc8 18.Bh3 Nxd4 19.Nxd4 Rc5 20.Ra1 Re8 21.Ra7 Rc7 22.Nb5 Rc2
23.Rxb7 Rxe2 24.Nc7 Rf8 25.Ne6 fxe6 26.Rxe7 Bf7 27.Ra1 Rb2 28.Raa7  1-0

[Event "Oviedo rapid"]
[Site "Oviedo"]
[Date "1993.??.??"]
[Round "4"]
[White "Foisor, Cristina Adela B"]
[Black "Rivas Pastor, Manuel"]
[Result "0-1"]
[WhiteElo "2360"]
[BlackElo "2530"]

1.c4 e5 2.g3 f5 3.Bg2 Nf6 4.Nc3 d6 5.e3 c6 6.Nge2 Be7 7.b3 O-O 8.Bb2 Be6
9.d4 Bf7 10.O-O Nbd7 11.Qd2 Qc7 12.Rad1 Bh5 13.Rc1 Rfe8 14.Rfe1 Bf8 15.b4 Nb6
16.c5 Nc4 17.Qc2 Bf7 18.Ba1 e4 19.Na4 d5 20.Nb2 b5 21.a4 a6 22.Nc3 Qe7 23.Rcd1 Rad8
24.Nxc4 dxc4 25.Bb2 Nd5 26.Nxd5 Bxd5 27.Ra1 g5 28.Bc3 h5 29.axb5 axb5 30.Ra6 Ra8
31.Rea1 Qb7 32.Qa2 Rxa6 33.Qxa6 Qxa6 34.Rxa6 Kf7 35.Kf1 Bh6 36.Ra7+ Kg6 37.Ke2 f4
38.gxf4 gxf4 39.Bh3 Kf6 40.Rh7 Kg6 41.Bf5+ Kxf5 42.Rxh6 f3+ 43.Kd1 Kg4 44.Ke1 Rg8
45.Kf1 Kh4 46.Rd6 Kh3 47.Rh6 h4 48.Rh5 Rg4  0-1

[Event "Oviedo rapid"]
[Site "Oviedo"]
[Date "1993.??.??"]
[Round "4"]
[White "Foisor, Ovidiu"]
[Black "Makarichev, Sergey"]
[Result "1/2-1/2"]
[WhiteElo "2425"]
[BlackElo "2540"]

1.c4 e5 2.g3 Nf6 3.Bg2 c6 4.d4 exd4 5.Qxd4 d5 6.Nf3 Be7 7.cxd5 cxd5 8.Be3 O-O
9.O-O Ne4 10.Nc3 Bf6 11.Qd3 Nxc3 12.bxc3 Nc6 13.Rfd1 Be6 14.Bd4 Rc8 15.e4 dxe4
16.Qxe4 Bd5 17.Bxf6 Bxe4 18.Bxd8 Rfxd8 19.Rxd8+ Rxd8 20.Re1 Bd5 21.Ne5 Bxg2
22.Kxg2 Nxe5 23.Rxe5 Kf8 24.Rc5 Ke7 25.Kf3 Kd6 26.Rh5 h6 27.Ke3 Re8+ 28.Kd2 Re5
29.Rxe5 Kxe5 30.Kd3 Kd5 31.c4+ Kc5  1/2-1/2

[Event "Oviedo rapid"]
[Site "Oviedo"]
[Date "1993.??.??"]
[Round "6"]
[White "Mestel, A Jonathan"]
[Black "Kachiani Gersinska, Ketino"]
[Result "0-1"]
[WhiteElo "2520"]
[BlackElo "2410"]

1.c4 e5 2.g3 Nf6 3.Bg2 d5 4.cxd5 Nxd5 5.Nc3 Nb6 6.Nf3 Nc6 7.O-O Be7 8.d3 O-O
9.Be3 f6 10.Rc1 Rf7 11.Na4 Nd4 12.Nc5 c6 13.a4 Nxf3+ 14.Bxf3 Nd5 15.Bd2 a5
16.Qb3 Bxc5 17.Rxc5 Be6 18.Qa3 Qb6 19.Rfc1 Rd7 20.h4 Nb4 21.Kg2 Kf7 22.Be3 Qd8
23.Rd1 Rc8 24.Be4 Kg8 25.Rcc1 b6 26.h5 c5 27.h6 g6 28.b3 Kf7  0-1

[Event "Oviedo rapid"]
[Site "Oviedo"]
[Date "1993.??.??"]
[Round "6"]
[White "Foisor, Cristina Adela B"]
[Black "Milos, Gilberto"]
[Result "1/2-1/2"]
[WhiteElo "2360"]
[BlackElo "2565"]

1.c4 e5 2.g3 d6 3.Nc3 Be6 4.Bg2 c6 5.d3 Nf6 6.Nf3 Nbd7 7.O-O Be7 8.Ng5 Bg4
9.h3 Bh5 10.Nf3 O-O 11.Rb1 h6 12.Nh4 Re8 13.g4 Nh7 14.Nf5 Bg6 15.Nxe7+ Qxe7
16.e4 Ng5 17.Ne2 Ne6 18.f4 exf4 19.Nxf4 Nxf4 20.Bxf4 Nc5 21.b4 Ne6 22.Bg3 Rad8
23.b5 c5 24.a4 Nd4 25.a5 Rd7 26.Rb2 Qd8 27.a6 b6 28.Rbf2 Re6 29.Bf4 Qh4 30.Be3 Qg3
31.Bxd4 cxd4 32.Rf4 Re5 33.R1f3 Qh4 34.Qa1 h5 35.Qxd4 hxg4 36.Rxg4 Qe1+ 37.Rf1 Qd2
38.Rg3 Rg5  1/2-1/2

[Event "Paris-ch"]
[Site "Paris"]
[Date "1993.??.??"]
[Round "2"]
[White "Ragozin, Evgeni"]
[Black "Dussol, Pierre"]
[Result "1/2-1/2"]
[WhiteElo "2510"]
[BlackElo "2315"]

1.c4 e5 2.g3 Nc6 3.Bg2 g6 4.Nc3 Bg7 5.Rb1 d6 6.e3 Bf5 7.d3 Nge7 8.b4 Qd7
9.b5 Nd8 10.Nd5 O-O 11.Ne2 Nc8 12.h4 c6 13.bxc6 bxc6 14.Ndc3 Nb7 15.h5 Nc5
16.e4 Bg4 17.Be3 Nb6 18.f3 Be6 19.Qd2 f5 20.hxg6 hxg6 21.f4 exf4 22.gxf4 Nba4
23.Nxa4 Nxa4 24.Rb4 Nc5 25.e5 Rab8 26.Bxc5 dxc5 27.Rxb8 Rxb8 28.Qe3 Rb2 29.Qf3 Rxa2
30.Kf2 Rd2 31.Rh3 Qd4+ 32.Ke1 Qb2 33.Bf1 Qb4 34.Kf2 Bd7 35.Qg3 Be8 36.Qh4 Qb7
37.Kg2 Qd7 38.Qg3 Bf7 39.Kh1 a5 40.Qe3 Rd1 41.Kg2 Bf8 42.Nc3 Ra1 43.Qd2 Bxc4
44.Qb2 Rxf1 45.Kxf1 Bxd3+ 46.Kg2 Qd4 47.Qb8 Qxc3 48.Rh8+ Kxh8 49.Qxf8+ Kh7
50.Qe7+ Kh6 51.Qh4+ Kg7  1/2-1/2

[Event "Paris-ch"]
[Site "Paris"]
[Date "1993.??.??"]
[Round "4"]
[White "Ragozin, Evgeni"]
[Black "Zigura, Oleg"]
[Result "1-0"]
[WhiteElo "2510"]
[BlackElo "2290"]

1.c4 e5 2.g3 d6 3.Bg2 c6 4.Nc3 Nf6 5.d4 Be7 6.e4 O-O 7.h3 a6 8.Nf3 Nbd7 9.O-O h6
10.Qc2 Nh7 11.Rd1 Ng5 12.Bxg5 hxg5 13.dxe5 dxe5 14.Nxe5 Qc7 15.Nxd7 Bxd7
16.e5 Be6 17.Qe4 g6 18.Kh2 Rfd8 19.Bf3 Qb6 20.Qe2 Qc5 21.b3 b5 22.Bg4 Bxg4
23.hxg4 bxc4 24.bxc4 Qa5 25.Rac1 Bb4 26.Nb1 Re8 27.f4 gxf4 28.gxf4 g5 29.a3 Bf8
30.Nd2 gxf4 31.Nf3 Bg7 32.Re1 Qxa3 33.Rcd1 Re6 34.Qe4 Qc5 35.Kg2 Rae8 36.Qxf4 Bxe5
37.Qg5+ Kf8 38.Rd8 Qa5 39.Rxe8+ Kxe8 40.Rxe5 Qa2+ 41.Kg3 Qxc4 42.Qg8+ Ke7
43.Rf5 Rg6 44.Re5+ Re6 45.Qg5+ f6 46.Qg7+ Kd6 47.Rh5 Qc3 48.Qf8+ Kc7 49.Rh7+ Kb6
50.Rh5 Kc7 51.Rh7+ Kb6 52.Qd8+ Kc5 53.Rh5+ Kc4 54.Qb6 Qe3 55.Qxa6+ Kb3 56.Ra5 c5
57.Qb5+  1-0

[Event "Paris-ch"]
[Site "Paris"]
[Date "1993.??.??"]
[Round "9"]
[White "Ragozin, Evgeni"]
[Black "Mitkov, Nikola"]
[Result "1-0"]
[WhiteElo "2510"]
[BlackElo "2505"]

1.c4 e5 2.g3 Nc6 3.Bg2 f5 4.Nc3 Nf6 5.b3 Bc5 6.e3 f4 7.Nge2 fxe3 8.dxe3 O-O
9.O-O d6 10.Na4 Bb6 11.Ba3 Bg4 12.h3 Bh5 13.c5 dxc5 14.g4 Bg6 15.Nxc5 Bxc5
16.Bxc5 Rf7 17.Qxd8+ Rxd8 18.Ng3 Nd5 19.Rfd1 Rfd7 20.Rd2 Ndb4 21.Rxd7 Rxd7
22.Bxb4 Nxb4 23.Bxb7 Rd2 24.Be4 Bxe4 25.Nxe4 Rxa2 26.Rd1 Rc2 27.Ng5 Kf8 28.Rd7 Rc6
29.Nxh7+ Kg8 30.Ng5 Kf8 31.Rf7+ Kg8 32.Re7 Kf8 33.Rxe5 Rc3 34.Ra5 a6 35.Ra4 Rxb3
36.Ne6+ Kg8 37.Nxc7 Nd3 38.Ra2 Nb4 39.Ra5 Rb2 40.Nxa6 Nd3 41.Rf5 g6 42.Rf6 Kg7
43.g5 Rc2 44.Kg2 Rc8 45.Rd6 Ne5 46.Rd5  1-0

[Event "Podgorica"]
[Site "Podgorica"]
[Date "1993.??.??"]
[Round "13"]
[White "Abramovic, Bosko"]
[Black "Drasko, Milan"]
[Result "0-1"]
[WhiteElo "2475"]
[BlackElo "2475"]

1.c4 e5 2.g3 Nc6 3.Bg2 g6 4.Nc3 Bg7 5.d3 f5 6.Nf3 Nf6 7.O-O d6 8.Rb1 h6 9.b4 O-O
10.b5 Ne7 11.a4 g5 12.c5 Be6 13.cxd6 cxd6 14.Nd2 Rc8 15.Bb2 d5 16.e3 Qd7
17.d4 exd4 18.exd4 Ne4 19.Ne2 Ng6 20.Nb3 b6 21.Nbc1 f4 22.f3 Nd6 23.Nd3 Nf5
24.Rf2 Ne3 25.Qb3 Bf5 26.Rc1 fxg3 27.hxg3 Nxg2 28.Kxg2 g4 29.fxg4 Be4+ 30.Kg1 Qxg4
31.Rxc8 Rxc8 32.Ndf4 Nxf4 33.Nxf4 Kh8 34.Kh2 Rf8 35.Qe3 Rf5 36.Kg1 Qd1+ 37.Rf1 Qxa4
38.Ng6+ Kh7 39.Rxf5 Bxf5 40.Ne5 Qxb5  0-1

[Event "POR-ch"]
[Site "?"]
[Date "1993.??.??"]
[Round "7"]
[White "Silva, Fernando"]
[Black "Damaso, Rui"]
[Result "1/2-1/2"]
[WhiteElo "2335"]
[BlackElo "2425"]

1.c4 e5 2.g3 Nf6 3.Bg2 c6 4.Nf3 e4 5.Nd4 d5 6.cxd5 Qb6 7.Nb3 a5 8.a4 cxd5
9.O-O Nc6 10.d3 Be6 11.Nc3 Be7 12.Nb5 Rd8 13.Bf4 Rd7 14.d4 O-O 15.Nc5  1/2-1/2

[Event "Rishon Le Ziyyon"]
[Site "Rishon Le Ziyyon"]
[Date "1993.??.??"]
[Round "8"]
[White "Beim, Valery"]
[Black "Afek, Yochanan"]
[Result "1/2-1/2"]
[WhiteElo "2500"]
[BlackElo "2430"]

1.c4 e5 2.g3 c6 3.d4 e4 4.Nc3 f5 5.Nh3 Nf6 6.Bg5 Be7 7.Bg2 h6 8.Bxf6 Bxf6
9.e3 O-O 10.Nf4 Na6 11.f3 exf3 12.Qxf3 Qb6 13.Qf2 Qb4 14.O-O Nc7 15.c5 b6
16.Nd3 Qc4 17.Rad1 Ba6 18.Kh1 Qe6 19.Qxf5 Qxf5 20.Rxf5 Rab8 21.b3 g6 22.Rf2 Bxd3
23.Rxd3 bxc5 24.dxc5 Bxc3 25.Rxf8+ Rxf8 26.Rxc3 Rf2 27.Rd3 Rxa2 28.Bh3 Na6
29.b4 Ra1+ 30.Kg2 Ra2+ 31.Kf3 Rxh2 32.Bxd7 Nxb4 33.Rd6 Kf7 34.Bxc6 Rh5 35.Be4 Rxc5
36.Rxg6 h5 37.Rh6 a5 38.Kf4 Nd5+ 39.Bxd5+ Rxd5 40.e4 Rb5 41.e5 Rb1 42.Ra6 Rf1+  1/2-1/2

[Event "ROM-chT"]
[Site "ROM"]
[Date "1993.??.??"]
[Round "5"]
[White "Adoamnei, Roxana"]
[Black "Perevoznic, Margareta"]
[Result "1-0"]
[WhiteElo "2075"]
[BlackElo "2130"]

1.c4 e5 2.g3 Nc6 3.Bg2 g6 4.Nc3 Bg7 5.Rb1 d6 6.d3 Nge7 7.e3 Be6 8.Nd5 O-O
9.Ne2 Qd7 10.O-O Nd8 11.d4 c6 12.Nxe7+ Qxe7 13.b3 Bf5 14.e4 Bg4 15.f3 Bd7
16.Ba3 c5 17.dxc5 dxc5 18.Nc3 Bc6 19.Nd5 Qd6 20.Bh3 b6 21.Qc2 Nb7 22.Rbd1 Rad8
23.Nxb6 Qc7 24.Nd5 Bxd5 25.Rxd5 Rd6 26.Rfd1 Rfd8 27.Bc1 f6 28.f4 Qe7 29.fxe5 fxe5
30.Rf1 Rf8 31.Qe2 Rxf1+ 32.Qxf1 h6 33.Qd1 Kh7 34.Be3 Bf8 35.Rxd6 Qxd6 36.Qxd6 Bxd6
37.Bc8 Nd8 38.b4 cxb4 39.Bxa7 Nc6 40.Bb6 Nd4 41.c5 Bb8 42.Bb7 Kg7 43.Bd5 Kf8
44.Ba5 Ke8 45.Bxb4 Ba7 46.Kf1 Kd7 47.a4  1-0

[Event "San Fernando op"]
[Site "San Fernando"]
[Date "1993.??.??"]
[Round "5"]
[White "Quinteros, Miguel A"]
[Black "Borghi, Humberto"]
[Result "1-0"]
[WhiteElo "2505"]
[BlackElo "2345"]

1.c4 e5 2.g3 f5 3.Bg2 Nf6 4.e3 c6 5.Nc3 Na6 6.d4 e4 7.a3 d5 8.cxd5 cxd5 9.Nh3 Nc7
10.Bd2 Be7 11.Na4 O-O 12.Qb3 b6 13.Bf1 Bd7 14.Bb4 Qe8 15.Nc3 Kh8 16.Nf4 Bxb4
17.Qxb4 g5 18.Qd6 gxf4 19.Qxc7 fxe3 20.fxe3 f4 21.gxf4 Qh5 22.Be2 Bg4 23.Qe5 Bxe2
24.Nxe2 Qf3 25.Rg1 Rae8 26.Qg5 Rf7 27.Qh4 Rc8 28.Rd1 Rc2 29.Rd2 Rc6 30.Rg3 Qh1+
31.Kf2 Rg7 32.Rxg7 Qf3+ 33.Ke1 Kxg7 34.Kd1 Qh1+ 35.Qe1 Qxh2 36.Nc3 Qh3 37.Qg1+ Ng4
38.Rg2 Rg6 39.Kd2 Nf6 40.Rxg6+ hxg6 41.Qg5 Qf1 42.Ne2 Qb1 43.f5 Qxb2+ 44.Ke1 Ne8
45.Qe7+ Kh6 46.Qxe8 gxf5 47.Qh8+ Kg5 48.Qg7+  1-0

[Event "Wuerttemberg-ch"]
[Site "Schramberg"]
[Date "1993.??.??"]
[Round "1"]
[White "Gruber, Thomas"]
[Black "Holzhaeuer, Mathias"]
[Result "1-0"]
[WhiteElo "2235"]
[BlackElo "2340"]

1.c4 e5 2.g3 Nf6 3.Bg2 Nc6 4.Nc3 Bb4 5.Nd5 O-O 6.a3 Bd6 7.e3 Nxd5 8.cxd5 Ne7
9.Ne2 f5 10.d4 e4 11.Nc3 b6 12.f3 exf3 13.Bxf3 Ba6 14.Qa4 Bb7 15.O-O a6 16.Qc2 Qe8
17.Qg2 b5 18.b4 a5 19.Rb1 axb4 20.axb4 Ra6 21.Bd2 Rb6 22.Rb2 Qf7 23.Ra1 Ra8
24.Rxa8+ Bxa8 25.Kf2 g5 26.g4 fxg4 27.Qxg4 Bxh2 28.e4 Rg6 29.Ke2 Nc8 30.Qg2 g4
31.Bxg4 Bf4 32.Qf3 Bxd2 33.Rxd2 Qe7 34.Bf5 Rg5 35.e5 c6 36.Ne4 Rg7 37.Nf6+ Kh8
38.Bxd7 Nb6 39.Bf5 Nc4 40.Ra2 Bb7 41.d6 Nxd6 42.Bxh7 Rxh7 43.Nxh7 Kxh7 44.Kd3 Nf7
45.Qf5+ Kg7 46.Rg2+ Kf8 47.e6 Bc8 48.Qxf7+ Qxf7 49.exf7 Kxf7 50.Ke4 Ke6 51.Rg6+ Kd7
52.Ke5 Kc7 53.Rg7+ Kb6 54.Kd6 Ba6 55.Rg8 Bb7 56.Rh8 Ba6 57.Rf8 Bb7 58.Rb8 Ka7
59.Kc7 Ba6 60.Re8 Bb7 61.Re1  1-0

[Event "Sitges op"]
[Site "Sitges"]
[Date "1993.??.??"]
[Round "3"]
[White "Suba, Mihai"]
[Black "Buchenau, Frank"]
[Result "1-0"]
[WhiteElo "2500"]
[BlackElo "2250"]

1.c4 e5 2.g3 Nc6 3.Nc3 f5 4.e3 Nf6 5.d4 e4 6.Nge2 g6 7.Nf4 Bg7 8.Rb1 d6 9.b4 O-O
10.h4 Ne7 11.Qb3 c6 12.a4 h6 13.b5 g5 14.hxg5 hxg5 15.Nh3 Bh6 16.Ba3 Kg7
17.Qb4 Ne8 18.Bg2 Ng6 19.a5 a6 20.bxc6 bxc6 21.Qb6 Qd7 22.Ng1 Ra7 23.Qb8 Rf7
24.Nge2 Qd8 25.Qb6 Rfc7 26.Qb3 Rcb7 27.Qa4 Rxb1+ 28.Nxb1 Rb7 29.Nbc3 Bd7
30.Bc1 Nf6 31.Qa3 Be8 32.Bh3 Ne7 33.g4 fxg4 34.Bg2 d5 35.Ng3 Bg6 36.Qc5 Bf7
37.Ba3 Be6 38.Kd2 Qb8 39.Rb1 Ng6 40.Rxb7+ Qxb7 41.Qb6 Bc8 42.Nf5+ Kh7 43.cxd5 Qxb6
44.axb6 cxd5 45.Nd6 Be6 46.b7 Nd7 47.Ne8  1-0

[Event "Sitges op"]
[Site "Sitges"]
[Date "1993.??.??"]
[Round "9"]
[White "Suba, Mihai"]
[Black "Ivanov, Alexey"]
[Result "1-0"]
[WhiteElo "2500"]
[BlackElo "2475"]

1.c4 e5 2.g3 Nc6 3.Nc3 f5 4.e3 Nf6 5.d4 Bb4 6.Bg2 Bxc3+ 7.bxc3 d6 8.Nf3 O-O
9.O-O Qe8 10.Ba3 e4 11.Nd2 b6 12.f3 exf3 13.Qxf3 Bd7 14.Rae1 Qg6 15.Qf4 Rae8
16.c5 Ne4 17.Nxe4 fxe4 18.Qh4 Bf5 19.cxd6 cxd6 20.Rf4 Na5 21.Bf1 Qe6 22.Bb5 h6
23.g4 g5 24.gxf5 Rxf5 25.Qh5 Rxb5 26.Rf6 Qd7 27.Rg6+ Kh8 28.Rxh6+  1-0

[Event "Hospitalet op"]
[Site "Sitges"]
[Date "1993.??.??"]
[Round "9"]
[White "Suba, Mihai"]
[Black "Dominguez Rueda, Juan"]
[Result "1/2-1/2"]
[WhiteElo "2500"]
[BlackElo "2290"]

1.c4 e5 2.g3 d6 3.Nc3 Nc6 4.e3 Nf6 5.Bg2 g6 6.d4 Bg7 7.d5 Ne7 8.e4 O-O 9.Nge2 h6
10.h3 c6 11.Be3 b5 12.dxc6 bxc4 13.Qa4 Be6 14.O-O-O Rc8 15.f4 Nxc6 16.f5 Bd7
17.fxg6 a5 18.gxf7+ Rxf7 19.Qxc4 Nd4 20.Rxd4 Ng4 21.hxg4 exd4 22.Qd3 dxe3
23.e5 dxe5 24.Rd1 Qb6 25.Bd5 Be6 26.Qe4 Bxd5 27.Qxd5 Qc5 28.Qe6 Rc6 29.Rd8+ Bf8
30.Qb3 Rd6 31.Rxd6 Qxd6 32.a3 a4 33.Qxa4 Rf1+ 34.Kc2 Rf2 35.Qc4+ Kh8 36.Qd3 Qd4
37.Nd1 Qxd3+ 38.Kxd3 Bc5 39.b4 Ba7 40.Ndc3 Kg7 41.a4 Rf8 42.a5 Rd8+ 43.Ke4 Rd2
44.Kxe5 Kg6 45.b5 Bc5 46.Ke4 Rb2 47.Kd5 Bb4 48.a6 Bxc3 49.Nxc3 Rxb5+ 50.Ke4 Ra5
51.Kf3 Rxa6 52.Nd5 Kg5 53.Nxe3 Rf6+ 54.Kg2 Rf7 55.Kh3  1/2-1/2

[Event "St Martin op"]
[Site "St Martin"]
[Date "1993.??.??"]
[Round "4"]
[White "Gulko, Boris F"]
[Black "Gurevich, Ilya"]
[Result "1/2-1/2"]
[WhiteElo "2625"]
[BlackElo "2515"]

1.c4 e5 2.g3 Nf6 3.Bg2 c6 4.d4 exd4 5.Qxd4 d5 6.Nf3 Be7 7.cxd5 cxd5 8.O-O Nc6
9.Qa4 Qb6 10.Nc3 O-O 11.Qb5 d4 12.Qxb6 axb6 13.Nb5 Rd8 14.Rd1 Bc5 15.Bg5 Ra5
16.a4 Bg4 17.h3 Bh5 18.g4 Bg6 19.Ne1 Rd7 20.Bxf6 gxf6 21.Nd3 Ra8 22.f4 Bxd3
23.exd3 f5  1/2-1/2

[Event "St Petersburg op"]
[Site "St Petersburg"]
[Date "1993.??.??"]
[Round "?"]
[White "Vaulin, Alexander"]
[Black "Gavrilov, Alexei"]
[Result "1-0"]
[WhiteElo "2500"]
[BlackElo "2415"]

1.c4 e5 2.g3 Nf6 3.Bg2 c6 4.d4 exd4 5.Qxd4 d5 6.Nf3 Be7 7.cxd5 cxd5 8.O-O Nc6
9.Qa4 O-O 10.Be3 Ne4 11.Nc3 Nxc3 12.bxc3 Qa5 13.Qb3 Rd8 14.Nd4 Ne5 15.Bf4 Ng6
16.Bc1 Ne5 17.Rb1 Qc5 18.Be3 Qc4 19.Bf4 Qxb3 20.Rxb3 Nc4 21.Rb5 g5 22.Be3 Nb6
23.Nf3 Bd7 24.Rbb1 g4 25.Ne5 Be6 26.Bd4 Rac8 27.Rfc1 Ba3 28.Re1 Bc5 29.Rb5 Bxd4
30.cxd4 Rc2 31.a4 Nxa4 32.Rxb7 Nc3 33.Kf1 a5 34.Ra7 a4 35.Nc6 Re8 36.Rc7 Kf8
37.Nb4 Rb2 38.Nd3 Rb3 39.Nc5  1-0

[Event "St Petersburg op"]
[Site "St Petersburg"]
[Date "1993.??.??"]
[Round "?"]
[White "Lerner, Konstantin Z"]
[Black "Aseev, Konstantin N"]
[Result "1/2-1/2"]
[WhiteElo "2530"]
[BlackElo "2490"]

1.c4 e5 2.g3 Nf6 3.Bg2 d5 4.cxd5 Nxd5 5.Nf3 Nc6 6.O-O Nb6 7.Nc3 Be7 8.a3 O-O
9.b4 Be6 10.Rb1 f6 11.d3 Nd4 12.Nd2 Nd5 13.Bb2 c6 14.Nxd5 Bxd5 15.Bxd5+ Qxd5
16.Bxd4 Qxd4 17.Qb3+ Kh8 18.Rfc1 Rfd8 19.a4 Qd5 20.b5 Qxb3 21.Rxb3 cxb5 22.Rxb5 Rd7
23.Kg2 Kg8 24.f4 exf4 25.gxf4 Kf7 26.Kf3 g6 27.Nc4 b6 28.a5 bxa5 29.Rxa5 Rb8
30.Rca1 Rbb7 31.Ra6 Rbc7 32.R1a5 Rb7 33.Ra1 Bc5 34.Rc6 Rbc7 35.Raa6 Be7 36.Rxc7 Rxc7
37.e3 Ke8 38.Ke4 Kd7 39.Ra4 Kc6 40.Ra5 f5+ 41.Ke5 Bb4 42.Ra2 Kb5 43.Nd6+ Kb6
44.Nc4+ Kb5 45.Nd6+  1/2-1/2

[Event "Stockholm op"]
[Site "Stockholm"]
[Date "1993.??.??"]
[Round "?"]
[White "Karlsson, Lars"]
[Black "Sammalvuo, Tapani"]
[Result "1-0"]
[WhiteElo "2505"]
[BlackElo "2270"]

1.c4 e5 2.g3 Nc6 3.Bg2 g6 4.Nc3 Bg7 5.e3 f5 6.Nge2 Nf6 7.d4 d6 8.b4 O-O 9.b5 Ne7
10.a4 Rb8 11.dxe5 dxe5 12.Ba3 Qxd1+ 13.Rxd1 Kf7 14.Nd5 Nfxd5 15.cxd5 Rd8
16.O-O e4 17.f3 Rxd5 18.fxe4 Rxd1 19.Rxd1 Be6 20.Nf4 fxe4 21.Bxe4 Be5 22.Nxe6 Kxe6
23.Bg2 Nf5 24.Bh3 Kf6 25.Rf1 Kg5 26.Bxf5 gxf5 27.Rd1 a6 28.Be7+ Kg6 29.Rd5 Bg7
30.Bd8 axb5 31.axb5 Be5 32.Rd7 b6 33.Kg2 Rc8 34.Kf3 Ra8 35.h4 Ra5 36.Rd5 Bd6
37.h5+ Kxh5 38.g4+ Kg6 39.gxf5+ Kf7 40.Bg5 Ra3 41.Bf4 Bc5 42.Bg5 h6 43.Bxh6 Kf6
44.Bf4 Rb3 45.Ke2 Rb2+ 46.Kd1 Rxb5 47.Bxc7 Rb3 48.e4 Rf3 49.Bd8+ Kf7 50.Kd2 Ke8
51.Bf6 Rf4 52.Kd3 Kf7 53.Bd4  1-0

[Event "SWE-chT 9394"]
[Site "SWE"]
[Date "1993.??.??"]
[Round "3"]
[White "Karlsson, Lars"]
[Black "Wedberg, Tom"]
[Result "1/2-1/2"]
[WhiteElo "2500"]
[BlackElo "2455"]

1.g3 e5 2.c4 Nc6 3.Bg2 f5 4.Nc3 Nf6 5.d3 Bc5 6.e3 f4 7.gxf4 d6 8.Nge2 O-O
9.d4 exd4 10.exd4 Bb6 11.Be3 Ne7 12.c5 dxc5 13.dxc5 Qxd1+ 14.Rxd1 Ba5 15.a3 c6
16.Rd4 Be6 17.Ra4 Bc7 18.Nd4 Bd7 19.Nf3 Ng6 20.Bf1 Nh5 21.Bc4+ Kh8 22.Ng5 h6
23.Nf7+ Kh7 24.Ne4 Nhxf4 25.Ned6 Ng2+ 26.Kd2 Nxe3 27.fxe3 Bxd6 28.Nxd6 Ne5
29.Ba2 Bg4 30.Kc3 Bh5  1/2-1/2

[Event "SWZ-chT"]
[Site "?"]
[Date "1993.??.??"]
[Round "?"]
[White "Preiss, Martin"]
[Black "Vulevic, Vjekoslav"]
[Result "1-0"]
[WhiteElo "2235"]
[BlackElo "2325"]

1.c4 e5 2.g3 Nc6 3.Bg2 f5 4.Nc3 Nf6 5.Nf3 d6 6.O-O Be7 7.d4 e4 8.Ng5 h6 9.Nh3 g5
10.f3 exf3 11.exf3 O-O 12.f4 g4 13.Nf2 Re8 14.b3 h5 15.Bb2 Bf8 16.Nd5 Nxd5
17.Bxd5+ Kh7 18.Qd2 Bd7 19.Bg2 Bg7 20.d5 Ne7 21.Bxg7 Kxg7 22.Rfe1 Ng6 23.Rxe8 Bxe8
24.Re1 Bd7 25.c5 Qf6 26.c6 bxc6 27.Qa5 Re8 28.Rxe8 Bxe8 29.dxc6 Qa1+ 30.Bf1 Ne7
31.Qxc7 Kf8 32.Qxd6 Bxc6 33.Nd1 Bd5 34.Ne3 Be4 35.Qd1 Qxd1 36.Nxd1 h4 37.Nc3 Bc2
38.Bg2 h3 39.Bb7 Ke8 40.Kf2 Kd7 41.Ke3 Kc7 42.Bh1 a5 43.Kd2 Be4 44.Nxe4 fxe4
45.Bxe4 Kd6 46.Kc3 Ng8 47.Kd4  1-0

[Event "SWZ-chT"]
[Site "?"]
[Date "1993.??.??"]
[Round "?"]
[White "Preiss, Martin"]
[Black "Sutter, Oliver"]
[Result "1/2-1/2"]
[WhiteElo "2235"]
[BlackElo "2245"]

1.c4 e5 2.g3 Nc6 3.Bg2 f5 4.Nc3 Nf6 5.d3 Bb4 6.Nf3 Bxc3+ 7.bxc3 d6 8.O-O O-O
9.Rb1 Qe7 10.Ne1 Nd8 11.Nc2 Ne6 12.e3 Nc5 13.d4 Nce4 14.Qe1 Qf7 15.f3 Ng5
16.h4 Ne6 17.Ba3 c5 18.e4 f4 19.g4 b6 20.Rf2 Ba6 21.d5 Nd8 22.Bf1 Nb7 23.Bc1 Na5
24.Na3 Qd7 25.Qd1 Ne8 26.Rh2 Nc7 27.Bd2 Rfb8 28.Be1 Bc8 29.Rhb2 Rb7 30.Bd3 Rab8
31.Qe2 a6 32.Qd1 Qe8 33.h5 Bd7 34.Qe2 Qe7 35.Qf1 Be8 36.Qe2 Qd7 37.Bc2 Na8
38.Bd2 b5 39.Bd3 bxc4 40.Nxc4 Nxc4 41.Rxb7 Rxb7 42.Rxb7 Qxb7 43.Bxc4 Bb5
44.a4 Bxc4 45.Qxc4 Qb1+ 46.Kf2 Nc7  1/2-1/2

[Event "SWZ-chT"]
[Site "?"]
[Date "1993.??.??"]
[Round "?"]
[White "Zueger, Beat"]
[Black "Costa, Jean Luc"]
[Result "1-0"]
[WhiteElo "2415"]
[BlackElo "2425"]

1.c4 e5 2.g3 g6 3.d4 d6 4.Nc3 Bg7 5.Nf3 Ne7 6.dxe5 dxe5 7.Qxd8+ Kxd8 8.Bd2 Ke8
9.Bg2 Bd7 10.O-O Nbc6 11.Rac1 Rc8 12.Rfd1 Rf8 13.Ne4 Nd4 14.Nxd4 exd4 15.Bh6 Bxh6
16.Nf6+ Kd8 17.Rxd4 Nd5 18.Rxd5 Ke7 19.Rxd7+ Kxf6 20.Rcd1 b6 21.e3 Rfe8 22.Bb7 Rb8
23.Rxc7 Bf8 24.Rdd7 Re7 25.Bd5 a5 26.Rxe7 Bxe7 27.e4 Bc5 28.Rxf7+ Ke5 29.Kf1 Kd4
30.Rxh7 Kd3 31.e5 g5 32.e6 Re8 33.h4 gxh4 34.Rxh4 Kc2 35.Re4 Kxb2 36.Re2+ Kc3
37.f4 Be7 38.Kg2 Rd8 39.a4 Rd6 40.Re3+ Kb4 41.f5 Kxa4 42.f6 Bxf6 43.e7 Bxe7
44.Rxe7 b5 45.Re6  1-0

[Event "Ticino op"]
[Site "Ticino"]
[Date "1993.??.??"]
[Round "3"]
[White "Arbakov, Valentin"]
[Black "Salvetti, Alec"]
[Result "1/2-1/2"]
[WhiteElo "2460"]
[BlackElo "2250"]

1.c4 e5 2.g3 Nc6 3.Bg2 g6 4.Nc3 Bg7 5.e3 d6 6.Nge2 Nge7 7.O-O O-O 8.Rb1 Be6
9.Nd5 a5 10.b3 Qd7 11.Bb2 Nb4 12.Nxe7+ Qxe7 13.a3 Nc6 14.Nc3 Qd7 15.Nd5 Rac8
16.Re1 Bh3 17.Bh1 Rce8 18.b4 axb4 19.axb4 Nd8 20.b5 f5 21.Ra1 c6 22.bxc6 bxc6
23.Nb4 f4 24.exf4 exf4 25.Bxg7 Kxg7 26.Rxe8 Rxe8 27.Nd3 Ne6 28.Ra6 Nd4 29.Nxf4 c5
30.Qa1 Kh6 31.Nxh3 Qxh3 32.Bg2 Qf5 33.Ra7 Re2 34.Qf1 Qe5 35.Ra1 Rxd2 36.Re1 Qh5
37.h3 Ne2+ 38.Kh2 Rc2 39.Rd1 Nd4 40.Rc1 Rd2 41.Qe1 Re2 42.Qc3 Qe5 43.Rf1 g5
44.Qd3 Qf5 45.Qxf5 Nxf5 46.Kg1 Kg6 47.Ra1 Kf6 48.Ra6 Re1+ 49.Kh2 Rd1 50.Bd5 Ke5
51.Ra7 h5 52.Rh7 h4 53.g4 Nd4 54.Rh6 Rd2 55.Kg2 Ne2 56.Re6+ Kd4 57.Kf3 Ng1+
58.Kg2 Ne2  1/2-1/2

[Event "Ticino op"]
[Site "Ticino"]
[Date "1993.??.??"]
[Round "3"]
[White "Foisor, Ovidiu"]
[Black "Potterat, Marc"]
[Result "1-0"]
[WhiteElo "2425"]
[BlackElo "2185"]

1.c4 e5 2.g3 g6 3.Bg2 Bg7 4.Nc3 d6 5.Rb1 f5 6.b4 Nf6 7.d3 O-O 8.Nf3 b6 9.Nd2 Nc6
10.O-O Nh5 11.c5 f4 12.cxd6 cxd6 13.e3 Be6 14.b5 Na5 15.Ba3 fxe3 16.fxe3 Rxf1+
17.Qxf1 Qg5 18.Qe2 Rd8 19.Nd5 Rd7 20.Rc1 e4 21.dxe4 Bxd5 22.exd5 Re7 23.Ne4 Qxd5
24.Nf6+ Nxf6 25.Bxd5+ Nxd5 26.Qd2 Nxe3  1-0

[Event "Wattens op"]
[Site "Wattens"]
[Date "1993.??.??"]
[Round "?"]
[White "Foisor, Cristina Adela B"]
[Black "Gurevich, Vladimir"]
[Result "1/2-1/2"]
[WhiteElo "2360"]
[BlackElo "2420"]

1.c4 e5 2.g3 Nf6 3.Bg2 d5 4.cxd5 Nxd5 5.Nf3 Nc6 6.Nc3 Nb6 7.a3 Be7 8.b4 a6
9.O-O O-O 10.d3 Be6 11.Bb2 f6 12.Ne4 Qe8 13.Rc1 Rd8 14.Qc2 Qf7  1/2-1/2

[Event "Oberliga Wuert9293"]
[Site "Wuerttemberg"]
[Date "1993.??.??"]
[Round "?"]
[White "Knoedler, Dieter"]
[Black "Oberst, Thomas"]
[Result "1-0"]
[WhiteElo "2265"]
[BlackElo "2285"]

1.c4 e5 2.g3 d6 3.Nc3 Nc6 4.Nf3 g6 5.Bg2 Bg7 6.d3 Nge7 7.Rb1 O-O 8.O-O h6
9.b4 a6 10.a4 a5 11.b5 Nd4 12.Nxd4 exd4 13.Nd5 Nf5 14.Qc2 Ne7 15.Ba3 Re8
16.Rfe1 Nxd5 17.cxd5 Bf5 18.Qc4 Qg5 19.Qxc7 Rac8 20.Qxa5 Rc2 21.Bxd6 Rexe2
22.Rxe2 Rxe2 23.Bf4 Qe7 24.Bf1 Bxd3 25.Rd1 Bc2 26.Bxe2 Qxe2 27.Re1 Qf3 28.d6 Be4
29.Rxe4 Qxe4 30.d7 Qb1+ 31.Kg2 Qe4+ 32.f3 Qe2+ 33.Kg1 Qd1+ 34.Kf2 Qc2+ 35.Bd2 Bf6
36.d8=Q+ Bxd8 37.Qxd8+  1-0

[Event "Zagreb Vukovar"]
[Site "Zagreb"]
[Date "1993.??.??"]
[Round "1"]
[White "Lalic, Bogdan"]
[Black "Mohr, Georg"]
[Result "1-0"]
[WhiteElo "2515"]
[BlackElo "2435"]

1.c4 e5 2.g3 Nf6 3.Bg2 d5 4.cxd5 Nxd5 5.Nf3 Nc6 6.O-O Be7 7.d4 exd4 8.Nxd4 Nxd4
9.Qxd4 Nf6 10.Qxd8+ Bxd8 11.Nc3 c6 12.b4 O-O 13.a4 Be6 14.Bb2 a6 15.b5 Ba5
16.bxc6 bxc6 17.Ne4 Nxe4 18.Bxe4 Bc4 19.Rfc1 Bxe2 20.Rc2 Bg4 21.Rxc6 Rfe8
22.f3 Bc8 23.Bc3 Bd8 24.Rb1 Be7 25.Bd4 Be6 26.Rxe6 fxe6 27.Bxa8 Rxa8 28.Rb7 Bf8
29.a5 Rc8 30.Kg2 Rc2+ 31.Kh3 Ra2 32.Bb6 Ra3 33.Ra7 Rxf3 34.Rxa6 Rb3 35.Ra8 Kf7
36.Rb8 Bc5 37.Ba7  1-0